[Event "Pribina - TPK Cup   Mistrovství ÈR junio"]
[Site "Havlíèkùv Brod - hotel Slunce"]
[Date "2012.11.25"]
[Round "1.26"]
[White "Skoøepa, Tomáš"]
[Black "Pospíšil, Martin"]
[Result "0-1"]
[WhiteElo "1695"]
[BlackElo "2007"]
[PlyCount "106"]
[EventDate "2012.11.25"]

1. e4 c5 2. Nf3 d6 3. d4 cxd4 4. Nxd4 Nf6 5. Nc3 g6 6. Be2 Bg7 7. Be3 O-O 8.
Qd2 Nc6 9. O-O-O Nxd4 10. Bxd4 Be6 11. f3 Qa5 12. Kb1 Rfc8 13. Nd5 Qxd2 14.
Nxf6+ Bxf6 15. Rxd2 Bxd4 16. Rxd4 Rc5 17. Rhd1 Rac8 18. c3 Kg7 19. R1d2 h5 20.
Bd1 g5 21. Bb3 Bxb3 22. axb3 g4 23. f4 f5 24. g3 fxe4 25. Rxe4 Kf6 26. Kc2 R8c6
27. Red4 Rf5 28. Rd5 Rc5 29. Rxf5+ Rxf5 30. Rd4 h4 31. Kd3 hxg3 32. hxg3 Rh5
33. Re4 Rh3 34. Re3 e5 35. fxe5+ dxe5 36. c4 Rh2 37. Kc3 a6 38. b4 Rf2 39. b3
Kf5 40. Kd3 Rb2 41. Kc3 Rf2 42. Kd3 Rf3 43. b5 axb5 44. cxb5 b6 45. Ke2 e4 46.
Kd2 Rxe3 47. Kxe3 Ke5 48. b4 Kd5 49. Kf4 Kd4 50. Kxg4 e3 51. Kf3 Kd3 52. g4 e2
53. g5 e1=Q 0-1

[Event "Pribina - TPK Cup   Mistrovství ÈR junio"]
[Site "Havlíèkùv Brod - hotel Slunce"]
[Date "2012.11.25"]
[Round "1.27"]
[White "Maøíková, Jana"]
[Black "Kaòáková, Natálie"]
[Result "0-1"]
[WhiteElo "2002"]
[BlackElo "1654"]
[PlyCount "74"]
[EventDate "2012.11.25"]

1. d4 Nf6 2. c4 e6 3. Nf3 b6 4. a3 Be7 5. Nc3 Bb7 6. d5 O-O 7. e4 exd5 8. cxd5
Re8 9. Bd3 c6 10. O-O cxd5 11. exd5 d6 12. Bf4 Nbd7 13. Rc1 Ne5 14. Bb5 Nfd7
15. Bxe5 dxe5 16. Bxd7 Qxd7 17. Nxe5 Qf5 18. Nc6 Bg5 19. Qc2 Qd7 20. f4 Bf6 21.
Qb3 Bxc6 22. dxc6 Qxc6 23. Nb5 Qd7 24. Nc7 Bd4+ 25. Kh1 Re3 26. Qc4 Rc8 27.
Rfd1 Re4 28. Qd3 Qf5 29. Nb5 Rf8 30. Qc2 Bc5 31. b4 Be7 32. Nxa7 Qxf4 33. Qc6
Re6 34. Qc4 Qe3 35. Nb5 Bg5 36. Qc3 Qe5 37. Rc2 Qxb5 0-1

[Event "Pribina - TPK Cup   Mistrovství ÈR junio"]
[Site "Havlíèkùv Brod - hotel Slunce"]
[Date "2012.11.25"]
[Round "1.28"]
[White "Bobek, Daniel"]
[Black "Zezula, Rudolf"]
[Result "1-0"]
[WhiteElo "1629"]
[BlackElo "1995"]
[PlyCount "75"]
[EventDate "2012.11.25"]

1. e4 c5 2. Nf3 e6 3. d4 cxd4 4. Nxd4 a6 5. Bd3 Nf6 6. Bg5 Qa5+ 7. Qd2 Qb6 8.
c3 Nc6 9. Nf3 Bc5 10. O-O Ng4 11. Bf4 f6 12. h3 Nge5 13. Bxe5 Nxe5 14. Nxe5
fxe5 15. b4 Be7 16. Na3 d5 17. Rab1 O-O 18. c4 a5 19. Nc2 axb4 20. Nxb4 Qa5 21.
cxd5 exd5 22. exd5 Rf4 23. d6 Bf8 24. Rb2 Rd4 25. Qc3 Be6 26. Rfb1 Bxd6 27. a3
Rc8 28. Qe1 Qd8 29. Be4 Qg5 30. Bxb7 Rf8 31. Qe3 Qg6 32. a4 Rff4 33. Nc6 Bd5
34. Qg3 Rxa4 35. Nxe5 Qe6 36. Nd3 Bxb7 37. Rxb7 Rfe4 38. Qxg7# 1-0

[Event "Pribina - TPK Cup   Mistrovství ÈR junio"]
[Site "Havlíèkùv Brod - hotel Slunce"]
[Date "2012.11.25"]
[Round "1.29"]
[White "Malèánek, Jan"]
[Black "Stránská, Kamila"]
[Result "1-0"]
[WhiteElo "1991"]
[BlackElo "1627"]
[PlyCount "87"]
[EventDate "2012.11.25"]

1. e4 Nf6 2. e5 Nd5 3. d4 d6 4. c4 Nb6 5. exd6 exd6 6. Nc3 Nc6 7. Be3 Be7 8. h3
Bf6 9. Nf3 Bf5 10. Be2 O-O 11. O-O Re8 12. Qd2 Nd7 13. Nd5 Be4 14. Nxf6+ Nxf6
15. b4 a6 16. Rac1 d5 17. c5 Bxf3 18. Bxf3 Ne4 19. Qb2 Na7 20. a4 Qd7 21. Qb3
c6 22. Rfe1 Nf6 23. Qd3 h6 24. Bf4 Nc8 25. Be5 Nh7 26. Bg4 Qd8 27. Bf5 Nf8 28.
Qg3 Qg5 29. Qxg5 hxg5 30. Bc7 Ne7 31. Bg4 f5 32. Bh5 g6 33. Bf3 Kf7 34. Rb1 Ne6
35. Be5 Rec8 36. b5 axb5 37. axb5 Ra4 38. Bd6 Ra7 39. Rxe6 Kxe6 40. Re1+ Kf7
41. Rxe7+ Kg8 42. b6 Ra4 43. Be5 Kf8 44. Rxb7 1-0

[Event "Pribina - TPK Cup   Mistrovství ÈR junio"]
[Site "Havlíèkùv Brod - hotel Slunce"]
[Date "2012.11.25"]
[Round "1.30"]
[White "Žitná, Aneta"]
[Black "Krátký, Josef"]
[Result "0-1"]
[WhiteElo "1548"]
[BlackElo "1977"]
[PlyCount "61"]
[EventDate "2012.11.25"]

1. e4 c5 2. Nf3 e6 3. d4 cxd4 4. Nxd4 Nf6 5. Nc3 d6 6. Be2 Be7 7. O-O a6 8. Be3
Qc7 9. Bd3 Nbd7 10. Qd2 Ne5 11. Rac1 Bd7 12. Rfe1 Rc8 13. a3 O-O 14. Bg5 Rfe8
15. Rb1 b5 16. Qe2 h6 17. Bh4 Qb6 18. Nf3 Ng6 19. Bg3 Nh5 20. e5 Ngf4 21. Bxf4
Nxf4 22. Qe4 Nxd3 23. Qxd3 d5 24. Nd4 b4 25. axb4 Bxb4 26. Nce2 Bb5 27. Qd1
Red8 28. Rf1 Bc4 29. Kh1 Qc7 30. Rc1 Qxe5 31. Re1 0-1

[Event "Pribina - TPK Cup   Mistrovství ÈR junio"]
[Site "Havlíèkùv Brod - hotel Slunce"]
[Date "2012.11.25"]
[Round "1.31"]
[White "Franìk, Jan"]
[Black "Kovaøík, Matyáš"]
[Result "1-0"]
[WhiteElo "1976"]
[BlackElo "1539"]
[PlyCount "43"]
[EventDate "2012.11.25"]

1. e4 e6 2. Nf3 d5 3. e5 c5 4. b4 cxb4 5. d4 Nc6 6. Bd3 Qb6 7. O-O Bd7 8. Be3
Nge7 9. a3 Ng6 10. axb4 Bxb4 11. c3 Be7 12. Na3 a6 13. Bg5 Bxa3 14. Rxa3 O-O
15. Bc1 Na5 16. Ng5 h6 17. Nxf7 Ne7 18. Nxh6+ gxh6 19. Qg4+ Kh8 20. Bxh6 Rg8
21. Qh4 Ng6 22. Qh5 1-0

[Event "Pribina - TPK Cup   Mistrovství ÈR junio"]
[Site "Havlíèkùv Brod - hotel Slunce"]
[Date "2012.11.25"]
[Round "1.32"]
[White "Steinhauser, Václav"]
[Black "Marek, Matyáš"]
[Result "0-1"]
[WhiteElo "1534"]
[BlackElo "1973"]
[PlyCount "78"]
[EventDate "2012.11.25"]

1. d4 Nf6 2. Nf3 g6 3. Bg5 Bg7 4. e3 d6 5. Bc4 Nbd7 6. O-O O-O 7. Nbd2 c6 8. c3
h6 9. Bf4 Nh5 10. Re1 e5 11. dxe5 dxe5 12. Bg3 Nxg3 13. hxg3 Qe7 14. Ne4 Nb6
15. Qd6 Qxd6 16. Nxd6 Nxc4 17. Nxc4 e4 18. Nd4 c5 19. Nb5 Bd7 20. Nbd6 b5 21.
Nd2 f5 22. Rad1 c4 23. Nb7 Be6 24. Nc5 Kf7 25. Nxe6 Kxe6 26. f3 Ke5 27. f4+ Kf6
28. Nb1 Rfd8 29. Na3 a6 30. Nc2 a5 31. a3 Rd3 32. Kf2 Rad8 33. Ke2 R8d5 34. Rf1
Ke7 35. Na1 b4 36. Rxd3 exd3+ 37. Kd2 bxc3+ 38. bxc3 Rb5 39. Rc1 Rb2+ 0-1

[Event "Pribina - TPK Cup   Mistrovství ÈR junio"]
[Site "Havlíèkùv Brod - hotel Slunce"]
[Date "2012.11.25"]
[Round "1.33"]
[White "Walek, Petr"]
[Black "Tobišková, Petra"]
[Result "1-0"]
[WhiteElo "1969"]
[BlackElo "1515"]
[PlyCount "105"]
[EventDate "2012.11.25"]

1. e4 e5 2. Nf3 Nf6 3. Nxe5 d6 4. Nf3 Nxe4 5. Nc3 Nxc3 6. dxc3 Nc6 7. Bf4 Bd7
8. Qd2 Qe7+ 9. Be2 g6 10. O-O-O O-O-O 11. Rhe1 Bg7 12. Bc4 Be6 13. Kb1 Qd7 14.
Bb5 Bg4 15. Qd5 Rhe8 16. Rxe8 Rxe8 17. Bxc6 bxc6 18. Qa5 Qf5 19. Qxf5+ Bxf5 20.
Re1 Rxe1+ 21. Nxe1 Kd7 22. Kc1 c5 23. Kd2 Kc6 24. Nd3 Kd5 25. b3 Kc6 26. Be3 a6
27. c4 Be6 28. f3 h5 29. Nf4 Bf5 30. Nd5 Be6 31. Nf4 Bf5 32. h3 Bh6 33. Nd5
Bxe3+ 34. Nxe3 Be6 35. g4 hxg4 36. fxg4 Kd7 37. Kd3 c6 38. Ke4 Ke7 39. Kf4 Kf6
40. h4 Kg7 41. c3 Bd7 42. b4 cxb4 43. cxb4 Be6 44. a4 Bd7 45. Nc2 Kf6 46. Na3
Ke6 47. b5 cxb5 48. cxb5 axb5 49. axb5 d5 50. b6 Kd6 51. h5 gxh5 52. gxh5 f6
53. h6 1-0

[Event "Pribina - TPK Cup   Mistrovství ÈR junio"]
[Site "Havlíèkùv Brod - hotel Slunce"]
[Date "2012.11.25"]
[Round "1.34"]
[White "Zlámaná, Anna"]
[Black "Alfimov, Igor"]
[Result "0-1"]
[WhiteElo "1484"]
[BlackElo "1961"]
[PlyCount "68"]
[EventDate "2012.11.25"]

1. e4 e5 2. Nf3 Nc6 3. Bc4 Nf6 4. O-O Be7 5. d3 O-O 6. Nc3 d6 7. h3 Na5 8. Bb3
c6 9. d4 Nxb3 10. axb3 Qc7 11. Be3 b6 12. Qd3 Bb7 13. Rfd1 Rfe8 14. Qc4 Bd8 15.
dxe5 dxe5 16. b4 Qe7 17. Bg5 b5 18. Qb3 Bb6 19. Bxf6 Qxf6 20. Rd7 Bc8 21. Rd2
Bxh3 22. Ne2 Bg4 23. Ra3 Red8 24. Qc3 Bxf3 25. Rxd8+ Rxd8 26. Qxf3 Rd1+ 27. Kh2
Qh4+ 28. Qh3 Qxh3+ 29. Rxh3 Rd2 30. Nc3 Rxf2 31. Rd3 Bd4 32. Nd1 Rxc2 33. Kh1
Kf8 34. Kh2 Ke7 0-1

[Event "Pribina - TPK Cup   Mistrovství ÈR junio"]
[Site "Havlíèkùv Brod - hotel Slunce"]
[Date "2012.11.25"]
[Round "1.36"]
[White "Kubitová, Alžbìta"]
[Black "Pýcha, Patrik"]
[Result "0-1"]
[WhiteElo "1422"]
[BlackElo "1946"]
[PlyCount "39"]
[EventDate "2012.11.25"]

1. e4 c5 2. Nf3 d6 3. d4 cxd4 4. Nxd4 Nf6 5. Nc3 a6 6. Be2 e5 7. Nb3 Be6 8. Bg5
Nbd7 9. Qd2 Be7 10. Rd1 b5 11. Bxf6 Nxf6 12. Qe3 Qc7 13. a3 O-O 14. O-O Rfd8
15. Rd2 h6 16. Bf3 Nd7 17. Qe2 Bg5 18. Rdd1 Bc4 19. Qe1 Bxf1 20. Qxf1 0-1

[Event "Pribina - TPK Cup   Mistrovství ÈR junio"]
[Site "Havlíèkùv Brod - hotel Slunce"]
[Date "2012.11.25"]
[Round "1.37"]
[White "Richterová, Nataša"]
[Black "Valterová, Veronika"]
[Result "1-0"]
[WhiteElo "1945"]
[BlackElo "1339"]
[PlyCount "23"]
[EventDate "2012.11.25"]

1. e4 e5 2. Nf3 Nc6 3. Bc4 Nf6 4. d3 Bc5 5. c3 d5 6. exd5 Nxd5 7. O-O Bg4 8. h3
Bh5 9. Nbd2 Qd7 10. Ne4 Bb6 11. Ng3 O-O-O 12. Nxh5 1-0

[Event "Pribina - TPK Cup   Mistrovství ÈR junio"]
[Site "Havlíèkùv Brod - hotel Slunce"]
[Date "2012.11.25"]
[Round "1.38"]
[White "Krutský, Martin"]
[Black "Kratochvíl, Vít"]
[Result "1/2-1/2"]
[WhiteElo "1492"]
[BlackElo "1944"]
[PlyCount "71"]
[EventDate "2012.11.25"]

1. e4 c5 2. Nf3 d6 3. d4 cxd4 4. Nxd4 Nf6 5. Nc3 g6 6. Be3 Bg7 7. Bc4 Nc6 8. f3
O-O 9. Qd2 Bd7 10. g4 Ne5 11. Bb3 b5 12. Qe2 Rb8 13. Nd5 Nxd5 14. Bxd5 a5 15.
a3 Nc4 16. Bxc4 bxc4 17. Qd2 Rxb2 18. h4 Qc7 19. h5 Rfb8 20. hxg6 Rb1+ 21. Kf2
Rxh1 22. gxf7+ Kxf7 23. Rxh1 c3 24. Qc1 Rh8 25. Nf5 Bxf5 26. gxf5 Qb7 27. Qd1
Qc6 28. Qd3 h5 29. Bd4 Be5 30. f4 Bxd4+ 31. Qxd4 Rh7 32. Rh3 h4 33. Rxc3 Qb7
34. Qc4+ Kg7 35. Qd4+ Kf7 36. Qc4+ 1/2-1/2

[Event "Pribina - TPK Cup   Mistrovství ÈR junio"]
[Site "Havlíèkùv Brod - hotel Slunce"]
[Date "2012.11.25"]
[Round "1.39"]
[White "Szücs, Matyáš"]
[Black "Pibil, Tomáš"]
[Result "1-0"]
[WhiteElo "1934"]
[BlackElo "1389"]
[PlyCount "65"]
[EventDate "2012.11.25"]

1. d4 d5 2. Nf3 Nf6 3. e3 Nc6 4. c4 e6 5. Nc3 Be7 6. Bd3 O-O 7. O-O a6 8. b3
Re8 9. Bb2 b6 10. Rc1 Na7 11. e4 c5 12. e5 Ng4 13. dxc5 bxc5 14. h3 Nh6 15.
cxd5 exd5 16. Nxd5 Bb7 17. Ne3 Rc8 18. Nc4 Nb5 19. a4 Nc7 20. Qe2 Ne6 21. Qe3
Bxf3 22. Qxf3 Nd4 23. Bxd4 Qxd4 24. Rfd1 Qh4 25. Nd6 Bxd6 26. exd6 Red8 27.
Bxa6 Rb8 28. Bb5 Qb4 29. d7 g6 30. Qf6 Qxb3 31. Re1 Qa3 32. Ra1 Qb4 33. Re8+
1-0

[Event "Pribina - TPK Cup   Mistrovství ÈR junio"]
[Site "Havlíèkùv Brod - hotel Slunce"]
[Date "2012.11.25"]
[Round "1.40"]
[White "Vrbová, Eva"]
[Black "Krejèí, Martin"]
[Result "0-1"]
[WhiteElo "1317"]
[BlackElo "1934"]
[PlyCount "54"]
[EventDate "2012.11.25"]

1. d4 Nf6 2. c4 g6 3. Nc3 d5 4. Nf3 Bg7 5. e3 O-O 6. Bd3 c5 7. O-O Nc6 8. b3
Bg4 9. Be2 cxd4 10. Nxd4 Bxe2 11. Qxe2 Nxd4 12. exd4 dxc4 13. Qxc4 Rc8 14. Qd3
Ng4 15. Ne2 Qb6 16. Bb2 Qc7 17. Ng3 Rfd8 18. h3 Nf6 19. Rfd1 Nd5 20. Qe4 e6 21.
Rd2 Qa5 22. Rdd1 Rc6 23. a3 Rdc8 24. Rac1 Rxc1 25. Rxc1 Rxc1+ 26. Bxc1 Qc3 27.
b4 Qxc1+ 0-1

[Event "Pribina - TPK Cup   Mistrovství ÈR junio"]
[Site "Havlíèkùv Brod - hotel Slunce"]
[Date "2012.11.25"]
[Round "1.42"]
[White "Broz, Petr"]
[Black "Hánl, František"]
[Result "1-0"]
[WhiteElo "1250"]
[BlackElo "1917"]
[PlyCount "87"]
[EventDate "2012.11.25"]

1. e4 c6 2. d4 d5 3. e5 Bf5 4. Nf3 e6 5. Be2 c5 6. O-O Nc6 7. dxc5 Bxc5 8. Nc3
Nge7 9. Bd2 O-O 10. Re1 Nd4 11. Nxd4 Bxd4 12. Bd3 Bxd3 13. cxd3 Ng6 14. Qh5 Qb8
15. Re2 Bxe5 16. Rae1 Bf4 17. Na4 Bxd2 18. Rxd2 Qf4 19. Qd1 Rac8 20. g3 Qf5 21.
Nc3 Ne5 22. f4 Ng6 23. Rf1 h5 24. Nb5 Qh3 25. Nd6 Rc6 26. Nxb7 h4 27. Rg2 Rb8
28. Na5 Ra6 29. Qe1 Qf5 30. d4 Qd3 31. Rd2 Qb5 32. Nb3 hxg3 33. hxg3 Rxa2 34.
Rf3 Qa4 35. Qe3 Qc4 36. g4 a5 37. f5 exf5 38. gxf5 Nh4 39. Rf4 Rc8 40. Rxh4 a4
41. Rdh2 g6 42. Rh8+ Kg7 43. f6+ Kxf6 44. Qe5# 1-0